[Event "PRVA LIGA  CENTRALNE SRBIJE"]
[Site "Vrnjacka Banja"]
[Date "2012.10.03"]
[Round "6"]
[White "Ilic Zoran S"]
[Black "Marinkovic Ivan"]
[Result "1/2-1/2"]
[WhiteElo "2311"]
[BlackElo "2443"]
[PlyCount "36"]
[EventDate "2012.??.??"]

1. d4 Nf6 2. Nf3 c5 3. d5 g6 4. Nc3 Bg7 5. e4 d6 6. Be2 O-O 7. O-O Na6 8. h3
Nc7 9. a4 e6 10. dxe6 Nxe6 11. Re1 a6 12. Bc4 b6 13. Qd3 Bb7 14. Nd5 Nxd5 15.
Bxd5 Bxd5 16. exd5 Nc7 17. c3 Qd7 18. Bf4 Rfe8 1/2-1/2

[Event "PRVA LIGA  CENTRALNE SRBIJE"]
[Site "Vrnjacka Banja"]
[Date "2012.10.03"]
[Round "6"]
[White "Arsovic Goran"]
[Black "Mitrovic Darko R"]
[Result "1-0"]
[WhiteElo "2435"]
[BlackElo "2266"]
[PlyCount "113"]
[EventDate "2012.??.??"]

1. d4 Nf6 2. Nf3 e6 3. c4 b6 4. g3 Bb7 5. Bg2 Be7 6. Nc3 O-O 7. Bf4 Bb4 8. Qb3
Bxc3+ 9. Qxc3 d6 10. O-O Nbd7 11. Qc2 Qe7 12. Rfe1 Be4 13. Qc3 Rfd8 14. Rad1 h6
15. Qa3 Nf8 16. Bf1 c5 17. dxc5 bxc5 18. b4 e5 19. Be3 cxb4 20. Qxb4 Qc7 21.
Nd2 Bc6 22. Nb3 Ng4 23. Bc1 Qb6 24. Qxb6 axb6 25. f3 Nf6 26. Be3 Rxa2 27. Bxb6
Rb8 28. Nc1 Ra1 29. Be3 Ne8 30. Nd3 Rxd1 31. Rxd1 f6 32. Kf2 Kf7 33. Ra1 Ke7
34. Ra7+ Rb7 35. Nb4 Kd7 36. Bh3+ Kc7 37. Nxc6 Kxc6 38. Ra8 Re7 39. Bf5 Ne6 40.
Ra6+ Kd7 41. Bb6 N8c7 42. Bxc7 Kxc7 43. Bxe6 Rxe6 44. Ra7+ Kc6 45. Rxg7 f5 46.
h4 Kc5 47. h5 Kxc4 48. Rg6 Re7 49. Rxd6 Rh7 50. Rf6 Kd5 51. Rxf5 Ke6 52. Rf8
Ke7 53. Rg8 Ke6 54. Ke3 Kd5 55. Rg6 Ra7 56. Rxh6 Ra3+ 57. Kf2 1-0

[Event "PRVA LIGA  CENTRALNE SRBIJE"]
[Site "Vrnjacka Banja"]
[Date "2012.10.03"]
[Round "6"]
[White "Vucicevic Momo"]
[Black "Stankovic DejaN"]
[Result "1/2-1/2"]
[WhiteElo "2313"]
[BlackElo "2267"]
[PlyCount "39"]
[EventDate "2012.??.??"]

1. d4 d5 2. c4 c6 3. Nf3 Nf6 4. e3 a6 5. Bd3 b5 6. b3 Bg4 7. Nbd2 e6 8. Qc2
Nbd7 9. O-O Bh5 10. Bb2 Bg6 11. Bxg6 hxg6 12. e4 Be7 13. Rfe1 dxe4 14. Nxe4 O-O
15. Rad1 Rc8 16. Bc3 Nxe4 17. Qxe4 b4 18. Bd2 Qa5 19. Bc3 Qd8 20. Qc2 1/2-1/2